<?xml version="1.0" encoding="UTF-8"?>
<marc:record xmlns:marc="http://www.loc.gov/MARC21/slim">
   <marc:leader>00000nam a2200000 a 4500</marc:leader>
   <marc:datafield ind1=" " ind2=" " tag="653">
      <marc:subfield code="a">Komödien-Drama</marc:subfield>
   </marc:datafield>
   <marc:datafield ind1=" " ind2=" " tag="653">
      <marc:subfield code="a">Fernsehserie</marc:subfield>
   </marc:datafield>
   <marc:datafield ind1=" " ind2=" " tag="653">
      <marc:subfield code="a">Dramaserie</marc:subfield>
   </marc:datafield>
   <marc:datafield ind1=" " ind2=" " tag="653">
      <marc:subfield code="a">Sozialdrama</marc:subfield>
   </marc:datafield>
   <marc:datafield ind1="0" ind2="0" tag="245">
      <marc:subfield code="a">Shameless, Staffel 8</marc:subfield>
   </marc:datafield>
   <marc:datafield ind1="0" ind2="0" tag="245">
      <marc:subfield code="b">3 DVDs</marc:subfield>
   </marc:datafield>
   <marc:datafield ind1=" " ind2="1" tag="264">
      <marc:subfield code="a">Hamburg</marc:subfield>
      <marc:subfield code="b">Warner Home Video</marc:subfield>
      <marc:subfield code="c">2017</marc:subfield>
   </marc:datafield>
   <marc:datafield ind1="1" ind2=" " tag="520">
      <marc:subfield code="a">Die US-Dramedy ist das Remake einer britischen Serie, die 2004 beim englischen Channel 4 startete und seitdem große Erfolge feiern konnte. Die amerikanische Version, die eng an der britischen Vorlage bleibt, steht dem Vorbild allerdings in nichts nach. "Shameless" legte 2011 einen der erfolgreichsten Serienstarts für den ausstrahlenden Sender Showtime hin, und das, obwohl die Serie rücksichtslos so ziemlich alle Tabus bricht, die gewöhnlich im US-Fernsehen herrschen. Dafür spielt in der Dramedy ein wunderbares Schauspielerensemble auf, allen voran Oscar-Nominee William H. Macy in der Rolle des versoffenen Familienoberhauptes. Neben Macy glänzen Emmy Rossum als Fiona und die Nachwuchsschauspieler Cameron Monaghan und Jeremy Allen White als die Brüder Ian und Lip.</marc:subfield>
   </marc:datafield>
   <marc:datafield ind1=" " ind2=" " tag="020">
      <marc:subfield code="a">5051890314963</marc:subfield>
      <marc:subfield code="9">5051890314963</marc:subfield>
   </marc:datafield>
   <marc:datafield ind1="0" ind2=" " tag="490">
      <marc:subfield code="v">0</marc:subfield>
   </marc:datafield>
   <marc:datafield ind1=" " ind2=" " tag="300">
      <marc:subfield code="a">636min.</marc:subfield>
   </marc:datafield>
</marc:record>
